|
|
|
|
| LEADER |
00000cam a2200000 a 4500 |
| 001 |
vtls011709313 |
| 003 |
SK-MaSNL |
| 005 |
20260302090417.0 |
| 008 |
240318s2017 xr a e f 000 0 cze |
| 020 |
|
|
|a 9788026211136
|q (brož.)
|
| 040 |
|
|
|a SNK
|b slo
|c SNK
|e AACR2
|
| 041 |
0 |
|
|a cze
|
| 044 |
|
|
|a xr
|c CZ
|
| 072 |
|
7 |
|a 316.4/.7
|x Sociálne interakcie
|2 konspekt
|
| 080 |
|
|
|a 616.89-008.485
|2 2011
|
| 080 |
|
|
|a 316.628
|2 2011
|
| 080 |
|
|
|a 616.89-008.444.9
|2 2011
|
| 080 |
|
|
|a 316.772.4
|2 2011
|
| 080 |
|
|
|a 316.621
|2 2011
|
| 080 |
|
|
|a (0.062)
|2 2011
|
| 100 |
1 |
|
|a Gottwaldová, Radka
|4 aut
|9 757745
|
| 245 |
1 |
0 |
|a Jak na pasivní agresi
|b nenechte se jí zmítat a ovládat
|c Radka Gottwaldová
|
| 250 |
|
|
|a 1. vyd.
|
| 260 |
|
|
|a Praha
|b Portál
|c 2017
|
| 300 |
|
|
|a 191 s.
|b ilustr.
|c 20 cm
|
| 504 |
|
|
|a Bibliogr. odkazy ; pozn.
|
| 650 |
0 |
7 |
|a pasívne agresívna osobnosť
|2 SNKPH
|9 757746
|
| 650 |
0 |
7 |
|a manipulácia (psychológia)
|2 SNKPH
|9 4934
|
| 650 |
0 |
7 |
|a agresivita
|2 SNKPH
|9 14196
|
| 650 |
0 |
7 |
|a interpersonálna komunikácia
|2 SNKPH
|9 2690
|
| 650 |
0 |
7 |
|a asertivita
|2 SNKPH
|9 4930
|
| 650 |
0 |
7 |
|a passive-aggressive personality
|2 SNKPHeng
|9 757747
|
| 650 |
0 |
7 |
|a Manipulation (psychology)
|2 SNKPHeng
|9 317680
|
| 650 |
0 |
7 |
|a Aggressiveness
|2 SNKPHeng
|9 306217
|
| 650 |
0 |
7 |
|a Interpersonal communication
|2 SNKPHeng
|9 306572
|
| 650 |
0 |
7 |
|a Assertiveness
|2 SNKPHeng
|9 313454
|
| 655 |
|
7 |
|a populárno-náučné publikácie
|2 SNKPH
|9 70460
|
| 655 |
|
7 |
|a Popular works
|2 SNKPHeng
|9 90287
|
| 852 |
|
|
|a Štátna vedecká knižnica v Banskej Bystrici
|
| 919 |
|
|
|a 978-80-262-1113-6
|
| 958 |
|
|
|a NB
|
| 958 |
|
|
|a CZ
|
| 999 |
|
|
|c 1196513
|d 1198443
|
| 952 |
|
|
|t snkGOT 316.621
|a SNKUST
|b SNKUST
|y PREZ
|7 0
|p 17A1303911
|o snkID 99974
|i snk2017/24152
|8 4
|g 9.30
|0 0
|1 0
|4 0
|d 2017-10-23
|l 0
|r 2025-04-29 00:00:00
|w 2026-02-24
|